000 00584nam a2200193Ia 4500
008 140529s9999 xx 000 0 und d
020 _a9789712360473
050 _aPL 1125
_b.C559 2011
100 _aChua, Corazon Koh.
245 _aEasy Mandarin 1 /
_cCorazon Koh Chua, Margareth Joy C. Chan
260 _aManila, Philippines :
_bRex Book Store, Inc.,
_cc2011.
300 _a138 p. :
_bill. ;
_c28 cm.
500 _aIncludes bibliographical references.
521 _aGE
650 _aChinese language.
650 _aMandarin dialects.
942 _kLOC
_cBK
999 _c117723
_d117723